Battle Royale: Who Killed Who (in the Novel, not film) Quiz Stats

 Plays Quiz not verified by Sporcle

Challenge
Share
Tweet
Embed
Score 0/42 Timer 15:00
0 Plays Today
Student Killer % Correct
Girl 11. Mitsuko SoumaBoy 6. Kazuo Kiriyama (shot numerous times)
92.5%
Boy 19. Shinji MimuraBoy 6. Kazuo Kiryama (shot after the huge explosion)
91.6%
Girl 3. Megumi EtoGirl 11. Mitsuko Souma (killed by a sickle while hiding in a residential house)
88.5%
Girl 13. Takako ChigusaGirl 11. Mitsuko Souma (shot but lives long enough to reunite with Hiroki)
88.5%
Girl 6. Yukiko KitanoBoy 6. Kazuo Kiriyama (shot after screaming in the megaphone)
87.5%
Boy 6. Kazuo KiriyamaGirl 15. Noriko Nakagawa (shot in the head and then shot again by Shogo)
86.6%
Girl 7. Yumiko KusakaBoy 6. Kazuo Kiriyama (shot after screaming in the megaphone)
86.3%
Boy 12. Yutaka SetoBoy 6. Kazuo Kiriyama (shot while with Shinji)
86%
Boy 4. Toshinori OdaBoy 6. Kazuo Kiriyama (shot in a counter-attack into his helmet)
85.7%
Boy 10. Ryuhei SasagawaBoy 6. Kazuo Kiriyama (shot with the rest of Kazuo's gang)
85.7%
Boy 14. Sho TsukiokaForbidden Zone (after following Kazuo)
85.7%
Girl 8. Kayoko KotohikiGirl 11. Mitsuko Souma (shot after grieving for killing the boy who loved her, Hiroki)
85.7%
Boy 5. Shogo KawadaBoy 6. Kazuo Kiriyama (dies from a previous wound after he 'wins')
85%
Boy 18. Tadakatsu HatagamiGirl 11. Mitsuko Souma (smashed by a bat after having sex with her)
85%
Girl 5. Izumi KanaiBoy 6. Kazuo Kiriyama (shot after she happened to be in the area where Kazuo's gang was)
84.4%
Boy 3. Tatsumichi OkiBoy 15. Shuya Nanahara (accidentally with Oki's axe)
84.1%
Boy 17. Mitsuru NumaiBoy 6. Kazuo Kiriyama (shot after he fired at Kazuo)
84.1%
Boy 13. Yuichiro TakiguchiGirl 11. Mitsuko Souma (first shot by Tadakatsu while defending Mitsuko, but she finished him off)
83.8%
Boy 16. Kazushi NiidaGirl 13. Takako Chigusa (she gouged out his eyes, crushed his genitals, and thrusts an ice pick into his throat)
83.5%
Boy 9. Hiroshi KuronagaBoy 6. Kazuo Kiriyama (shot with the rest of Kazuo's gang)
83.2%
Girl 1. Mizuho InadaBoy 6. Kazuo Kiriyama (shot after she creeps behind him)
82.6%
Student Killer % Correct
Girl 4. Sakura OgawaSuicide (jumps off the cliff with boyfriend, Kazuhiko)
82.2%
Girl 21. Yoshimi YahagiGirl 11. Mitsuko Souma (shot after Yoji is shot)
81.6%
Boy 1. Yoshio AkamatsuBoy 16. Kazushi Niida (shot with a crossbow)
81.3%
Boy 8. Yoji KuramotoGirl 11. Mitsuko Souma (killed right in front of his girlfriend, Yoshimi)
81.3%
Boy 11. Hiroki SugimuraGirl 8. Kayoko Kotohiki (shot right before he confessed his love for her)
81.3%
Boy 21. Kazuhiko YamamotoSuicide (jumps off the cliff with girlfriend, Sakura)
81%
Girl 14. Mayumi TendoBoy 1. Yoshio Akamatsu (shot with an arrow as she exits the school)
81%
Boy 2. Keita IijimaBoy 19. Shinji Mimura (accidentally after he tried to scare him off)
78.8%
Boy 20. Kyoichi MotobuchiBoy 5. Shogo Kawada (shot after attacking Shuya)
78.5%
Girl 2. Yukie UtsumiGirl 17. Satomi Noda (shot during the bloodbath in the lighthouse)
78.5%
Girl 19. Chisato MatsuiGirl 17. Satomi Noda (shot during the bloodbath in the lighthouse)
77.9%
Boy 7. Yoshitoki KuninobuSoliders before the game starts
77.6%
Girl 16. Yuka NakagawaGirl 9. Yuko Sakaki (tastes the poisoned soup meant for Shuya in the lighthouse, dies accidentally)
77.6%
Girl 12. Haruka TanizawaGirl 17. Satomi Noda (shot during the bloodbath in the lighthouse)
76.9%
Girl 20. Kaori MinamiGirl 10. Hirono Shimizu (shot in a gunfight between the two)
75.7%
Girl 9. Yuko SakakiHerself (falls from top of lighthouse as Shuya tries to save her)
74.1%
Girl 18. Fumiyo FujiyoshiSakamochi (he is annoyed that she whispered when he was talking, before the game began)
73.8%
Girl 10. Hirono ShimizuBoy 4. Toshinori Oda (strangled with a belt)
72.9%
Girl 17. Satomi NodaGirl 12. Haruka Tanizawa (shot after she shoots Haruka in the lighthouse)
71.7%
Boy 15. Shuya NanaharaSurvives (Shogo pretended to shoot him)
64.8%
Girl 15. Noriko NakagawaSurvives (Shogo pretended to shoot her)
64.2%

You're not logged in!

Compare scores with friends on all Sporcle quizzes.
OR
Log In

You Might Also Like...

Show Comments

Extras

Top Quizzes Today


Score Distribution

Your Account Isn't Verified!

In order to create a playlist on Sporcle, you need to verify the email address you used during registration. Go to your Sporcle Settings to finish the process.

Report this User

Report this user for behavior that violates our Community Guidelines.

Details: